000 00381nam a2200133Ia 4500
008 230524s9999 xx 000 0 und d
020 _a8184081855
100 _aLewis Carroll
_936664
245 0 _aAlice in Wonderland : Indian Illustrated Classics
260 _bIndiana Publishing House
500 _aQuantity Number: 1
650 _aPersonality Development
_936665
942 _cBK
999 _c50693
_d50693